|
|
|
|
| LEADER |
00000nam a22000007a 4500 |
| 005 |
20200205211712.0 |
| 007 |
cr|||| |||| |
| 008 |
200205s2019 es |||||s|||| 00||0 spa d |
| 020 |
|
|
|a 978-84-17310-70-7
|
| 035 |
|
|
|a 31050
|
| 040 |
|
|
|a vLex
|
| 090 |
|
|
|c 10112
|d 10112
|
| 100 |
1 |
|
|a Molina Navarrete, Cristb̤al
|
| 245 |
1 |
0 |
|a Indemnizaciones disuasorias, nueva garanta̕ de efectividad de la tutela social
|h [Recurso electrn̤ico] :
|b entre retr̤ica judicial y prc̀ticas innovadoras /
|c Cristb̤al Molina Navarrete
|
| 256 |
|
|
|a Servicio en ln̕ea
|
| 260 |
|
|
|a Albacete:
|b Editorial Bomarzo,
|c 2019
|
| 300 |
|
|
|a 1 recurso electrn̤ico
|
| 500 |
|
|
|a Los operadores jurd̕icos-laborales, estǹ habituados a indemnizaciones tasadas. Sin embargo, ni cumplen su funcin̤ resarcitoria ni finalidad disuasoria alguna. Este sistema vive una profunda crisis. Las conductas infractoras se reiteran y masifican (abuso de la contratacin̤ temporal, prc̀ticas antisindicales, vulneraciones de derechos fundamentales, etc.). El artc̕ulo 183 LRJS quiso acabar con esa injusticia resarcitoria social. Pero la falta de hb̀ito y cultura derivada de la tarificacin̤ ha neutralizado sus virtudes, salvo ciertas experiencias innovadoras que analizamos con detalle en esta publicacin̤.
|
| 506 |
1 |
|
|a Disponible solo en los productos indicados
|d vLex Global
|d vLex Global (Academic Edition, excluding Law Schools)
|d vLex Global (U.S. Academic Edition, Law Schools)
|d vLex Global (U.S. Academic Edition, excluding Law Schools)
|d vLex Global (Academic Edition, Law Schools)
|
| 650 |
0 |
4 |
|a Derecho Laboral y Seguridad Social
|z Espaą
|
| 740 |
0 |
|
|a vLex Libros (Servicio en ln̕ea)
|
| 856 |
4 |
0 |
|u http://vlex.com/source/indemnizaciones-disuasorias-nueva-garantia-de-efectividad-de-la-tutela-social-entre-retorica-judicial-y-practicas-innovadoras-31050
|z Acceso restringido
|
| 942 |
|
|
|c BOOK
|
| 999 |
0 |
|
|a Labor law and social security
|